00860nam a2200217 a 450000100100000000500170001000800410002702000150006804000250008324501310010826000670023930000440030649000280035050000310037850000210040950400730043070000280050370000250053171000580055683000280061400004191620201002035829.0131022s1982 sp 000 0 spa d a8400054156 aDO-SdBNPbspacBNPHU03aEl Santuario de Juno en GABII :bExcavaciones 1956-1969 /cdirigido y editado por Martín Almagro Basch, Alberto Baul Iliana. aRoma :bEscuela Española de Historia y Arqueología,c1982. a624 p., ( LXXX) p. de lám : ;c32 cm.1 aBibliotheca italicav17 aAnálisis de los hallasgo aIncluye índice aIncluye referencias bibliográficas y notas al pie de las páginas1 aAlmagro Basch, Martín1 aBaul Iliana, Alberto2 aEscuela espñola de historia y arqueología en Roma 0aBibliotheca italicac17